000 01088ncm a2200313 c 4500
999 _c296957
_d296957
003 BLK
005 20231122005344.0
008 180414b bul |a|er|||| |0| c|bulo|
010 _aNOT00000307000
040 _aBLK
041 _aRUS
_cRUS
080 _aТеатрална музика. Опера. Оперета. Балет
_b782
_z782
139 _aВерди, Джузепе
_bВ 49
245 1 0 _aФальстаф
_bЛирическая комедия в трех действиях
_cДжузепе Верди; либрето Ариго Бойто; * Giuseppe Verdi
254 _aКлавир
257 _aRUS
260 _aМосква
_bГос. муз. изд. 30655
_c1963
300 _a375 с.
_c29 см
380 _a7
500 _aТекст на рус. и итал. ез.
700 1 _aБойто, Ариго
_eлибрето
_940934
700 1 _aVerdi, Giuseppe
_e*
_927244
852 _aЦб М ІІ 2980
_p0
_bЦб
856 4 _qpdf
_u
_i0.00
_ldisable
942 _cNOT
_n0
_s1
944 _aCR
_c15.11.2003
_k
_lCRON CRON
944 _aED
_c23.11.2004
999 _d296957